| 000 | 00594nam a2200205Ia 4500 | ||
|---|---|---|---|
| 005 | 20260429112045.0 | ||
| 008 | 260429s9999||||xx |||||||||||||| ||und|| | ||
| 020 | _a9789369672868 | ||
| 041 | _aEnglish | ||
| 082 |
_a364.3 _bRAN |
||
| 100 | _aRani, Akanksha | ||
| 245 | 0 |
_aPsychology and crime : _ban introduction to criminological psychology / _cAkanksha Rani |
|
| 250 | _a1st ed. | ||
| 260 |
_aNew Delhi : _bScientific Books International, _c2026. |
||
| 300 | _a262 p.; hb | ||
| 650 | _a Behavioral science | ||
| 650 | _a Criminology | ||
| 650 | _aCriminal psychology | ||
| 942 | _cTB | ||
| 999 |
_c52128 _d52128 |
||